00538nam a2200169 a 450000100100000000500170001000800410002702000180006804000250008608200130011110000170012424500740014124600430021526000360025830000360029470000380033000004325420201002040749.0140303s2014 dr ac 000 0 spa d a9789945009842 aDO-SdBNPbspacBNPHU axxxbxxx1 aJimmy Sierra10aYo estaba allí /cJimmy Sierra ; prólogo César Pérez Núnez.10aYo estaba allíbseptiembre-diciembre aSanto Domingo :bBúho,c2014. a178 p. :bil., retrs. ;c22 cm.12aPérez Núnez, Césarepról.